000 00404 a2200121 4500
020 _a8790145453
022 _a09091386
082 _a338.40956 SCH
100 _aSchmidt, Bjarne
245 _aEvolution and Hormonization of Evenness Evaluation Techniques /
_cBjarne Schmidt
260 _bRoad Directorate, Danish Road Institute,
_c1999
300 _a16p. :
_bill. ;
_c30 cm
650 _aEvolution and Hormonization of Evenness Evaluation
999 _c2098
_d2098